000 00370nam a2200145Ia 4500
008 240624s9999 xx 000 0 und d
041 _aeng
082 _a658.15224 DAM
100 _aDAMODARAN ASWATH
245 _aAPPLIED CORPORATE FINANCE
250 _a(3rd ed.)
260 _c2012
_aNew Delhi
_bWiley India
300 _axiv, : 738 : p. : cm. ; 23
365 _cRS
_b31
999 _c20938
_d20938